The Development of Political Theory and Government /

Kaydedildi:
Detaylı Bibliyografya
Yazar: Adler, Mortimer J. (autor)
Diğer Yazarlar: Wolff, Peter (autor) (autor)
Materyal Türü: Kitap
Dil:İngilizce
Baskı/Yayın Bilgisi: Chicago, EUA : Encyclopaedia Britannica, 1959, c1959
Etiketler: Etiketle
Etiket eklenmemiş, İlk siz ekleyin!

MARC

LEADER 00000nam^a2200000^a^4500
001 000425750
005 20250526000000.0
009 20260310122725.159
037 |a Acervo ITESO - Biblioteca 
041 |a ING 
091 |a FHM. 02463 
100 |a Adler, Mortimer J.  |e (autor) 
245 1 4 |a The Development of Political Theory and Government / 
264 4 |a Chicago, EUA :  |b Encyclopaedia Britannica,  |c 1959, c1959 
300 |a XVIII, 225 p. ;  |c 21.0 cm. 
336 |a texto  |b txt  |2 rdacontenido 
337 |a sin mediación  |b n  |2 rdamedio 
338 |a volumen  |b nc  |2 rdasoporte 
649 |a XX 
700 |a Wolff, Peter  |e (autor) 
910 |a Fondo Hugo B. Margáin 
920 |a Impresos - Libros 
930 |a Libros Antiguos y Raros 
905 |a 126 
901 |a 0500307169  |b IT2  |c LRA  |i D112950  |u 20250526 
902 |a https://opac.biblio.iteso.mx/vufind/Record/000425750